000 00977nam a2200241Ia 4500
003 Ost
005 20260507075638.0
008 260507s9999||||xx |||||||||||||| ||und||
040 _cfsecg
041 _aara
082 _a330.121
100 _aعبدالله الأمين، حسن
_eمؤلف
245 0 _aالودائع المصرفية النقدية وإستثمارها في الإسلام /
_c حسن عبدالله الأمين
260 _aجدة:
_bدار الشروق,
_c1983
300 _a327 صفحة؛
_c24 سم
520 _aالوديعة في الشريعة الإسلامية وموقف القانون الوضعي منها والودائع المصرفية على ضوء القواعد وأحكام الشريعة منها الإستثمار في الودائع المصرفية
653 _aالاستثمار
653 _aالاسلام
653 _aالبنوك
653 _aالمصارف
653 _aالوادئع
942 _cكتاب
999 _c45349
_d45349